XVIas printed] siecle francais. : Le grand siecle.

Bibliographic Details
Main Author: Roger, Jacques
Format: Book
Language:French
Published: [Paris] : Editions Seghers, [1967]
Series:Les lettres et les artes
Subjects:

MARC

Tag First Indicator Second Indicator Subfields
LEADER 00000cam a2200000 4500
001 in00000635607
005 20151015052842.0
008 720918c19671962fr 00000 fre u
010 |a  68108602  
035 |a (OCoLC)00407551 
035 |9 ACU3215AM 
040 |c WSU  |d TXA  |d UtOrBLW 
049 |a TXAM  |c [1239458] 
090 |a DC33.4  |b .R63 
100 1 |a Roger, Jacques. 
245 1 0 |a XVIas printed] siecle francais. :  |b Le grand siecle. 
264 1 |a [Paris] :  |b Editions Seghers,  |c [1967] 
264 4 |c [©1962] 
300 |a 255 pages :  |b illustrations, color plates. ;  |c 17 cm. 
336 |a text  |b txt  |2 rdacontent 
337 |a unmediated  |b n  |2 rdamedia 
338 |a volume  |b nc  |2 rdacarrier 
490 0 |a Les lettres et les artes 
500 |a Cover title: Panorama du XVIIe siecle francais. 
651 0 |a France  |x Civilization  |y 17th century. 
651 0 |a France  |x Civilization  |y 18th century. 
740 0 |a Panorama du XVIIe siecle francais. 
999 |a MARS 
999 f f |s d1b8240d-d896-311b-a5f7-d4eb6b4ac337  |i aff8c9c7-8338-3149-b796-a2e4fcd01b86  |t 0 
952 f f |p ric  |a Texas A&M University  |b Rellis Campus  |c Joint Library Facility  |d Remote Storage  |t 0  |e DC33.4 .R63  |h Library of Congress classification  |i unmediated -- volume  |m A14801953910 
998 f f |a DC33.4 .R63  |t 0  |l Remote Storage